000 00616nam a2200205 i 4500
001 bgj
245 0 0 _aLongman phrasal verbs dictionary :
_bover 5000 phrasal verbs /
_cDella Summers, director.
260 _aHarlow, England :
_bLongman,
_c2000.
300 _a[XII], 608 pp ;
_c22 cm.
500 _a1st published by Longman in 2000.
650 9 _aEnglish language
_xPhrasal verbs
655 _aDictionaries
700 1 _aSUMMERS, Della.
_edirector
020 _a0582291828 (pbk)
040 _cBPK
041 0 _aeng
920 _a0-582-29182-8 (pbk)
942 _cKS
008 s uk f |000 0 eng
999 _c48318
_d48318
856 _uhttp://koha.tu.koszalin.pl/cgi-bin/koha/opac-detail.pl?biblionumber=48318
_yKatalog online BPK